Characterizing geochemical reactions in unsaturated mine waste-rock piles using gaseous O2, CO2, 12CO2, 13CO2 /
Đã lưu trong:
| 其他作者: | , , , , |
|---|---|
| 格式: | Bài viết |
| 语言: | English |
| 主题: | |
| 标签: |
添加标签
没有标签, 成为第一个标记此记录!
|
| Thư viện lưu trữ: | Thư viện Trường Đại học Đà Lạt |
|---|
| LEADER | 01057nam a2200349 4500 | ||
|---|---|---|---|
| 001 | DLU090093489 | ||
| 005 | ##20091201 | ||
| 040 | # | # | |a DLU |b eng |
| 041 | # | # | |a eng |
| 044 | # | # | |a us |
| 245 | # | # | |a Characterizing geochemical reactions in unsaturated mine waste-rock piles using gaseous O2, CO2, 12CO2, 13CO2 / |c Tyler K. Birkham ... [et al.]. |
| 653 | # | # | |a Carbon dioxide |
| 653 | # | # | |a Geochemistry |
| 653 | # | # | |a Isotopic analysis |
| 653 | # | # | |a Kinetics |
| 653 | # | # | |a Oxidation reduction |
| 653 | # | # | |a Oxygen |
| 700 | # | # | |a Birkham, Tyler K. |
| 700 | # | # | |a Hendry, M. Jim. |
| 700 | # | # | |a Lee, Eung Seok. |
| 700 | # | # | |a Mendoza, Carl A. |
| 700 | # | # | |a Wassenaar, L. I. |
| 773 | # | # | |t Environmental Science & Technology |g Vol. 37, no. 3 (February 2003), p. 496-501 |
| 920 | # | # | |a Phòng Tạp chí -- Trung tâm Thông tin - Thư viện Trường Đại học Đà Lạt |
| 994 | # | # | |a DLU |
| 900 | # | # | |a True |
| 911 | # | # | |a Trương Bảo Trâm Anh |
| 925 | # | # | |a G |
| 926 | # | # | |a A |
| 927 | # | # | |a BB |
| 980 | # | # | |a Thư viện Trường Đại học Đà Lạt |